000 00781nam a2200229Ia 4500
003 GCL
005 20240530095212.0
008 140319s9999 xx 000 0 ara d
020 _a2098303977
040 _aGCL /
_cGCL
082 0 4 _a811.009
_bأ أ
100 0 _aابراهيم عبدالعزيز
245 1 0 _aاشعار توفيق الحكيم /
_cابراهيم عبدالعزيز
250 _aالاولى
260 _aالقاهرة :
_bدار قباء للطباعة والنشر والتوزيع ،
_c1998
300 _a144 ص ؛
_c24 سم
650 0 4 _aالادب العربى
650 0 4 _aتوفيق الحكيم
650 0 4 _aالشعر العربى - تاريخ ونقد
650 0 4 _aالشعر العربى - دواوين وقصائد
942 _2ddc
_cBK
999 _c4910
_d4910